000 00430nam a2200181Ia 4500
001 13062
005 20260306163026.0
008 260306t1968||||xx |||||||||||||| ||spa||
041 _aESP
082 _aRD 658.8
_bR84
100 _aFischer Rossi, Konrad
_eAUT
245 0 _aGlosario de mercadeo texto impreso
260 _c1968
300 _a223 páginas :
_c
650 _aGEN
654 _aCAN
942 _cLIB
_dJUS
_fJUS
_2ddc
_n
999 _c13062
_d13062